000 00796nam a2200265 i 4500
001 44537
003 ES-MaACL
005 20250825102808.0
007 t|
008 030321s1976 ve ||||1| spa d
020 _a84-7175-098-8
110 1 _aVenezuela.
_97545
240 1 0 _aCódigo civil, 1942
245 1 0 _aCódigo civil de Venezuela.
260 _aCaracas :
_bEduven ;
_a[Barcelona] : Edic. 29,
_c[1976]
300 _a318 p. ;
_c16 cm.
490 1 _aTextos legales ;
_v2
650 4 _aDerecho civil-
_zVenezuela.
_9171535
655 0 _aLegislación
_9226283
830 1 _aTextos legales ;
_v2
_9178122
852 _aES-MaACL
_jG-16133
_bR.94443
_946202
_cDEPO2
_dOlim: A-5389
942 _2udc
_cMONOGRAFIA
999 _c44537
_d44537